000 00958nas a2200301 4500
001 BR2019000566
003 BR-BrBNA
005 20231205131618.0
007 ta
008 230509b bl.|||p| |||| 00| 00por d
040 _aBR-BrBNA
_bpor
_cBiblioteca Nacional de Agricultura
041 _a(En)
072 _aH10
100 1 _aOliveira, T.A. de
100 1 _aLemos, W.P.
100 1 _aTinôco, R.S.
100 1 _aBarbosa, J.C.
100 1 _aMartins, I.C.F.
245 1 _aValidation of the sampling methodology for Opsiphanes invirae caterpillars on oil palm plantations in the Brazilian Amazon
650 _aDENDÊ
650 _aLAGARTA
650 _aPRAGA DE PLANTA
650 _aAMOSTRAGEM
773 0 _tCiência Rural (Brazil)
_xISSN 1678-4596
_g(2018), v. 48(7) p. 1-4
_wBR2019000566
856 4 0 _uhttp://www.scielo.br/pdf/cr/v48n7/1678-4596-cr-48-07-e20170742.pdf
909 _a202311
_bLúcia
_c55
_dLúcia Elande
942 _2AGRIS
_n0
_cANA
999 _c255716
_d255716